Word Ladder: French Delicacy Quiz Stats

 Plays Quiz Updated Aug 25, 2013

Support Sporcle.
Go Orange.
Score 0/26 Timer 03:00
0 Plays Today
Clue 4-Letter Word % Correct
Singer, Nat King _____COLE
93.6%
Golfer's yellFORE
90.9%
Tined utensilFORK
90.2%
Outer clothing layerCOAT
89.7%
Between white and blackGRAY
88.8%
Sneak a lookPEEK
88%
Male foalCOLT
87%
Talk to a deityPRAY
86.5%
Glowing emberCOAL
85.1%
DestinyFATE
84.5%
ColorlessPALE
83.5%
MastPOLE
83.2%
Chicken's attackPECK
82.9%
Clue 4-Letter Word % Correct
Rural peopleFOLK
82.8%
Hunter's targetPREY
82.7%
☻ Minced ground meat and fat ☻☻ PÂTÉ ☻
82.1%
CostFARE
81.3%
11th US PresidentPOLK
79.9%
Sugar-coated marshmallow treatPEEP
76%
Get ready, for shortPREP
75.6%
Pustule or blemishPOCK
71%
PoultryFOWL
64.8%
Monk's hoodCOWL
63.4%
☻ With first, gavaged duck liver ☻☻ GRAS ☻
59.6%
Thwart or preventFOIL
58%
☻ With last, gavaged duck liver ☻☻ FOIE ☻
52.5%

Today's Daily Dose

Missing Word
Candy Slogans

Quick Pick
Batman's Robins

Get the Picture
Streaming Services

From the Vault

Famous Novel Anagrams

by WyattsTorch

Decoding some of these might actually take longer than reading some of these novels.
Remove Ads.
Support Sporcle.
Get the best of Sporcle when you Go Orange. This ad-free experience offers more features, more stats, and more fun while also helping to support Sporcle. Thank you for becoming a member.

Show Comments

Extras

Top Quizzes Today


Score Distribution

Your Account Isn't Verified!

In order to create a playlist on Sporcle, you need to verify the email address you used during registration. Go to your Sporcle Settings to finish the process.

Report this User

Report this user for behavior that violates our Community Guidelines.

Details: